Inside the everyday lives of development workers the challenges and futures of Aidland /

Bibliographic Details
Corporate Author: ProQuest (Firm)
Other Authors: Fechter, Anne-Meike., Hindman, Heather.
Format: Electronic eBook
Language:English
Published: Sterling, Va. : Kumarian Press, 2011.
Subjects:
Online Access:Click to View
LEADER 01617nam a2200397 a 4500
001 EBC3328933
003 MiAaPQ
005 20200520144314.0
006 m o d |
007 cr cn|||||||||
008 101007s2011 vaua sb 001 0 eng d
010 |z  2010043186 
020 |z 9781565493230 (pbk. : alk. paper) 
020 |z 9781565493247 
020 |a 9781565493889 (electronic bk.) 
035 |a (MiAaPQ)EBC3328933 
035 |a (Au-PeEL)EBL3328933 
035 |a (CaPaEBR)ebr10545785 
035 |a (OCoLC)929119866 
040 |a MiAaPQ  |c MiAaPQ  |d MiAaPQ 
050 4 |a HD2769.15  |b .I55 2011 
082 0 4 |a 331.7/6133891  |2 22 
245 0 0 |a Inside the everyday lives of development workers  |h [electronic resource] :  |b the challenges and futures of Aidland /  |c edited by Anne-Meike Fechter and Heather Hindman. 
260 |a Sterling, Va. :  |b Kumarian Press,  |c 2011. 
300 |a vi, 224 p. :  |b ill. (some col.) 
504 |a Includes bibliographical references and index. 
533 |a Electronic reproduction. Ann Arbor, MI : ProQuest, 2015. Available via World Wide Web. Access may be limited to ProQuest affiliated libraries. 
650 0 |a Nonprofit organizations  |x Employees  |v Case studies. 
650 0 |a Social service  |v Case studies. 
650 0 |a Humanitarian assistance  |x Social aspects  |v Case studies. 
650 0 |a International relief  |x Social aspects  |v Case studies. 
655 4 |a Electronic books. 
700 1 |a Fechter, Anne-Meike. 
700 1 |a Hindman, Heather. 
710 2 |a ProQuest (Firm) 
856 4 0 |u https://ebookcentral.proquest.com/lib/matrademy/detail.action?docID=3328933  |z Click to View